<?xml version="1.0" encoding="UTF-8"?>
<collection xmlns="http://www.loc.gov/MARC21/slim">
 <record>
  <leader>01423nam a2200217Ia 4500</leader>
  <controlfield tag="001">CTU_132599</controlfield>
  <controlfield tag="008">210402s9999    xx            000 0 und d</controlfield>
  <datafield tag="020" ind1=" " ind2=" ">
   <subfield code="c">43000</subfield>
  </datafield>
  <datafield tag="082" ind1=" " ind2=" ">
   <subfield code="a">829</subfield>
  </datafield>
  <datafield tag="082" ind1=" " ind2=" ">
   <subfield code="b">P337</subfield>
  </datafield>
  <datafield tag="100" ind1=" " ind2=" ">
   <subfield code="a">Paver, Michelle</subfield>
  </datafield>
  <datafield tag="245" ind1=" " ind2="0">
   <subfield code="a">Người anh em sói</subfield>
  </datafield>
  <datafield tag="245" ind1=" " ind2="0">
   <subfield code="c">Michelle Paver ; Nguyễn Thị Hằng (dịch)</subfield>
  </datafield>
  <datafield tag="260" ind1=" " ind2=" ">
   <subfield code="a">Hà Nội</subfield>
  </datafield>
  <datafield tag="260" ind1=" " ind2=" ">
   <subfield code="b">Kim Đồng</subfield>
  </datafield>
  <datafield tag="260" ind1=" " ind2=" ">
   <subfield code="c">2008</subfield>
  </datafield>
  <datafield tag="520" ind1=" " ind2=" ">
   <subfield code="a">&quot;Người anh em sói&quot;  sẽ đưa các bạn quay trở về rừng ở thời kỳ bóng tối cổ đại của hàng nghìn năm trước: một thế giới được dựng lên bằng những điều thần kỳ của thiên nhiên và cả những mối đe doạ đáng sợ, một thế giới nơi mà sự tin tưởng vào một người bạn có thể dẫn đến sự nguy hiểm cho số mệnh của chính mình.</subfield>
  </datafield>
  <datafield tag="650" ind1=" " ind2=" ">
   <subfield code="a">Voyages and travels,Hành trình và du lịch,Prehistoric peoples,Con người thời tiền sử,Wolves,Chó sói,Demoniac possession,Chiếm hữu điên cuồng</subfield>
  </datafield>
  <datafield tag="650" ind1=" " ind2=" ">
   <subfield code="x">Fiction,Tiểu thuyết hư cấu,Fiction,Tiểu thuyết hư cấu,Fiction,Tiểu thuyết hư cấu,Fiction,Tiểu thuyết hư cấu</subfield>
  </datafield>
  <datafield tag="904" ind1=" " ind2=" ">
   <subfield code="i">Quang Hiếu</subfield>
  </datafield>
  <datafield tag="980" ind1=" " ind2=" ">
   <subfield code="a">Trung tâm Học liệu Trường Đại học Cần Thơ</subfield>
  </datafield>
 </record>
</collection>
